书目信息 |
| 题名: |
天助与天惩
|
|
| 作者: | 于德湘 , 张国杰 主编 | |
| 分册: | ||
| 出版信息: | 北京 科学出版社 1999.9 |
|
| 页数: | 193页 | |
| 开本: | 21cm | |
| 丛书名: | ||
| 单 册: | ||
| 中图分类: | E915 | |
| 科图分类: | ||
| 主题词: | ||
| 电子资源: | ||
| ISBN: | 7-03-007361-4 | |
| 000 | 00686nam0 2200217 45 | |
| 001 | 0104051627 | |
| 005 | 20041209154851.9 | |
| 010 | @a7-03-007361-4@dCNY15.00 | |
| 100 | @a20010405d1999 km y0chiy0120 ea | |
| 101 | 0 | @achi |
| 105 | @a z 000yy | |
| 200 | 1 | @a天助与天惩@ATian Zhu Yu Tian Cheng@e气象影响战争事例选编@EQi Xiang Ying Xiang Zhan Zheng Shi Li Xuan Bian@f于德湘,张国杰主编@FYu De Xiang,ZhangGuo Jie Zhu Bian |
| 210 | @a北京@c科学出版社@d1999.9 | |
| 215 | @a193页@d21cm | |
| 517 | @a气象影响战争事例选编 | |
| 605 | @a军事气象学 | |
| 690 | @aE915@v1 | |
| 701 | 0 | @a于德湘@4主编 |
| 701 | 0 | @a张国杰@4主编 |
| 801 | @aCN@bTSTC@c20010514 | |
| 905 | @dE915@e3@f2@b296480-481 | |
| 天助与天惩:气象影响战争事例选编/于德湘,张国杰主编.-北京:科学出版社,1999.9 |
| 193页;21cm |
| ISBN 7-03-007361-4:CNY15.00 |
| ● |
| 相关链接 |
|
|
|
|
正题名:天助与天惩
索取号:E915/3
 
预约/预借
| 序号 | 登录号 | 条形码 | 馆藏地/架位号 | 状态 | 备注 |
| 1 | 0296480 | 002964803 | 第一借阅区/ [索取号:E915/3] | 在馆 | |
| 2 | 0296481 | 002964812 | 第一借阅区/ [索取号:E915/3] | 在馆 | |
| 3 | 0296482 | 002964821 | 第一借阅区/ [索取号:E915/3] | 在馆 | |
| 4 | 0296483 | 002964830 | 第一借阅区/ [索取号:E915/3] | 在馆 | |
| 5 | 0296484 | 002964849 | 第一样本阅览室/ [索取号:E915/3] | 在馆 |